| 000 | 00537 a2200181 4500 | ||
|---|---|---|---|
| 999 |
_c533744 _d533744 |
||
| 003 | NUST | ||
| 005 | 20200117110420.0 | ||
| 020 | _a0444519548 | ||
| 020 | _a9780444519542 | ||
| 038 | _aMSOHAIL | ||
| 082 | _a543.26 | ||
| 100 | 1 |
_aSestak, Jaroslav. _927719 |
|
| 245 | 1 | 0 |
_aScience of Heat and Thermophysical Studies A Generalized Approach to Thermal Analysis : _cJaroslav Sestak. |
| 260 |
_a[S.l.] : _bElsevier Science, _c2006. |
||
| 300 |
_a486 p. ; _c25 cm. |
||
| 700 |
_aSestak, Jaroslav. _927719 |
||
| 942 |
_aSNS _cBK _k543.26 SES _2ddc |
||